[Event "Online Olym Div2 C 2021"]
[Site "chess.com INT"]
[Date "2021.09.02"]
[Round "3.5"]
[Board "3"]
[White "Cramling, Pia"]
[Black "Gjergji, Rozana"]
[Result "1-0"]
[WhiteTitle "GM"]
[BlackTitle "WCM"]
[WhiteElo "2455"]
[BlackElo "1920"]
[WhiteTeam "Sweden"]
[BlackTeam "Albania"]
[WhiteFideId "1700030"]
[BlackFideId "4700147"]
[EventDate "2021.09.02"]
[EventType "team"]

1. Nf3 d5 2. d4 Nf6 3. c4 e6 4. Nc3 Be7 5. Bg5 O-O 6. e3 b6 7. Qc2 Bb7 8. Bxf6
Bxf6 9. cxd5 exd5 10. Bd3 h6 11. O-O-O c5 12. h4 c4 13. Be2 Nc6 14. g4 Nb4 15.
Qb1 g6 16. g5 Bg7 17. gxh6 Bxh6 18. h5 g5 19. Ne5 Nc6 20. Ng4 Kg7 21. Qf5 Bc8
22. Qxd5 Qxd5 23. Nxd5 f5 24. Nxh6 Kxh6 25. Nc7 Rb8 26. Bxc4 Bd7 27. Kb1 Rfc8
28. Na6 Rb7 29. Bd5 Be8 30. Rc1 Rg7 31. Be6 Bd7 32. Bxd7 Rxd7 33. Rxc6+ Rxc6 34.
Nb8 Rdc7 35. Nxc6 Rxc6 36. Rc1 Rd6 37. Rc7 a5 38. Rf7 f4 39. exf4 Kxh5 40. fxg5
Kxg5 41. Kc2 Rxd4 42. Kc3 Rd6 43. Rf3 Rc6+ 44. Kd4 Rc2 45. Rb3 Rxf2 46. Rxb6
Rd2+ 47. Kc3 Rd5 48. a4 Kf4 49. Kc4 Rh5 50. Rb5 Rh2 51. Kb3 Ke4 52. Rxa5 Kd4 53.
Rb5 Rh3+ 54. Ka2 Kc4 55. b3+ Kc3 56. Ka3 Rh1 57. Rc5+ Kd4 58. Rg5 Kc3 59. Rg3+
Kd4 60. Kb4 Rh8 61. a5 Rb8+ 62. Ka4 Kc5 63. Rc3+ Kd6 64. b4 Kd5 65. a6 1-0

[Event "Online Olym Div2 C 2021"]
[Site "chess.com INT"]
[Date "2021.09.02"]
[Round "3.5"]
[Board "4"]
[White "Shabanaj, Eglantina"]
[Black "Agrest, Inna"]
[Result "0-1"]
[WhiteTitle "WCM"]
[BlackTitle "WIM"]
[WhiteElo "2014"]
[BlackElo "2256"]
[WhiteTeam "Albania"]
[BlackTeam "Sweden"]
[WhiteFideId "4700562"]
[BlackFideId "1708830"]
[EventDate "2021.09.02"]
[EventType "team"]

1. d4 Nf6 2. c4 g6 3. Nc3 Bg7 4. Nf3 O-O 5. Bg5 d6 6. e3 Nbd7 7. Bd3 c6 8. O-O
a6 9. Rc1 b5 10. Qe2 Bb7 11. e4 e5 12. d5 b4 13. dxc6 Bxc6 14. Nd5 Bxd5 15. cxd5
h6 16. Bxf6 Bxf6 17. Qd2 Nc5 18. Bb1 Bg5 19. Nxg5 Qxg5 20. Qxb4 Rab8 21. Qa3 Qd2
22. Rc2 Qb4 23. Qe3 Kg7 24. Re2 a5 25. Rd1 a4 26. f4 f6 27. h4 Qb6 28. Rf2 Nd7
29. Qh3 Nc5 30. Qg4 Qa7 31. f5 g5 32. Qh5 Qf7 33. Qg4 Qa7 34. Qh5 Qf7 35. Qg4
Kh7 36. hxg5 hxg5 37. Rf3 Kg7 38. Rd2 Rh8 39. Rg3 Qa7 40. Rf2 Rxb2 41. Rxb2
Nxe4+ 42. Kf1 Rh1+ 43. Ke2 Qf2+ 44. Kd3 Qd4+ 45. Ke2 Qd1+ 46. Ke3 Re1+ 47. Re2
Qd4+ 48. Kf3 Rf1+ 49. Rf2 Rxf2# 0-1

[Event "Online Olym Div2 C 2021"]
[Site "chess.com INT"]
[Date "2021.09.02"]
[Round "3.5"]
[Board "5"]
[White "Seo, Jung Min"]
[Black "Ramaj, Ergit"]
[Result "1-0"]
[WhiteTitle "IM"]
[WhiteElo "2469"]
[BlackElo "1610"]
[WhiteTeam "Sweden"]
[BlackTeam "Albania"]
[WhiteFideId "1734687"]
[BlackFideId "4703669"]
[EventDate "2021.09.02"]
[EventType "team"]

1. Nc3 e5 2. e4 Nf6 3. Nf3 Nc6 4. Bb5 Bb4 5. O-O d6 6. Nd5 Bc5 7. d4 exd4 8.
Nxd4 Bd7 9. Nb3 Bb6 10. Bg5 Ne5 11. Bxf6 gxf6 12. Bxd7+ Nxd7 13. Nd4 c6 14. Nxb6
Nxb6 15. Nf5 d5 16. Re1 Qd7 17. exd5+ Kd8 18. dxc6 bxc6 19. Qf3 Kc8 20. Rad1 Qc7
21. Re7 Rd8 22. Rxc7+ Kxc7 23. Rxd8 Rxd8 24. g3 Nd5 25. c4 Nb4 26. a3 Nd3 27.
Ne7 Ne1 28. Qxc6+ Kb8 29. Nd5 1-0

[Event "Online Olym Div2 C 2021"]
[Site "chess.com INT"]
[Date "2021.09.02"]
[Round "3.5"]
[Board "6"]
[White "Shuqja, Klean"]
[Black "Zaritovskaja, Margarita"]
[Result "1/2-1/2"]
[WhiteTitle "WCM"]
[WhiteElo "1877"]
[BlackElo "2040"]
[WhiteTeam "Albania"]
[BlackTeam "Sweden"]
[WhiteFideId "4701585"]
[BlackFideId "14149249"]
[EventDate "2021.09.02"]
[EventType "team"]

1. e4 c5 2. Nf3 Nc6 3. Bb5 d6 4. O-O Bd7 5. c3 g6 6. Re1 Bg7 7. d4 cxd4 8. cxd4
Nf6 9. Nc3 O-O 10. h3 Rc8 11. Be3 a6 12. Bd3 b5 13. a3 Na5 14. Qd2 Nb3 15. Qc2
Nxa1 16. Rxa1 Qa5 17. Qd2 Qd8 18. Bh6 Bc6 19. Qg5 d5 20. e5 Ne4 21. Bxe4 dxe4
22. Bxg7 Kxg7 23. Nh4 e6 24. Qf4 Qxd4 25. Qf6+ Kg8 26. Rd1 Qb6 27. Rd6 e3 28.
fxe3 Qxe3+ 29. Kh2 Be4 30. Rd7 a5 31. Nxb5 Rc1 32. Nd6 Qg1+ 33. Kg3 Rf1 34. Qg5
Rf2 35. Nxe4 Re2 36. Nf6+ Kg7 37. Nh5+ Kg8 38. Nf6+ Kg7 39. Nh5+ Kg8 40. Nf6+ 1/2-1/2

[Event "Online Olym Div2 C 2021"]
[Site "chess.com INT"]
[Date "2021.09.03"]
[Round "4.1"]
[Board "1"]
[White "Stupak, Kirill"]
[Black "Ashiku, Franc"]
[Result "1-0"]
[WhiteTitle "GM"]
[BlackTitle "IM"]
[WhiteElo "2492"]
[BlackElo "2421"]
[WhiteTeam "Belarus"]
[BlackTeam "Albania"]
[WhiteFideId "13503758"]
[BlackFideId "4700066"]
[EventDate "2021.09.02"]
[EventType "team"]

1. d4 Nf6 2. g3 g6 3. Bg2 Bg7 4. e4 d6 5. Nc3 O-O 6. Nge2 e5 7. O-O Na6 8. h3
Re8 9. Be3 exd4 10. Bxd4 Nc5 11. e5 Nfd7 12. exd6 c6 13. Re1 Bh6 14. f4 Ne6 15.
Bf2 Bg7 16. Qd2 Nf6 17. Rad1 Bd7 18. Na4 c5 19. Nac3 Qb6 20. a3 a5 21. g4 Rad8
22. g5 Nh5 23. b4 axb4 24. Nd5 Qa6 25. axb4 Qc4 26. bxc5 Bc6 27. Nb6 Qa2 28.
Bxc6 bxc6 29. Be3 Qa3 30. Qd3 Qxd3 31. Rxd3 Nexf4 32. Nxf4 Nxf4 33. Rdd1 Bc3 34.
d7 Re7 35. Bxf4 Bxe1 36. Bc7 Rdxd7 37. Rxd7 Re4 38. Bd6 h6 39. gxh6 Bd2 40. h7+
Kxh7 41. Rxf7+ Kh6 42. Nd7 Re2 43. Rf2 Re1+ 44. Kg2 1-0

[Event "Online Olym Div2 C 2021"]
[Site "chess.com INT"]
[Date "2021.09.03"]
[Round "4.1"]
[Board "2"]
[White "Pasko, Llambi"]
[Black "Fedorov, Alexei"]
[Result "1-0"]
[WhiteTitle "IM"]
[BlackTitle "GM"]
[WhiteElo "2411"]
[BlackElo "2532"]
[WhiteTeam "Albania"]
[BlackTeam "Belarus"]
[WhiteFideId "4701178"]
[BlackFideId "13500465"]
[EventDate "2021.09.02"]
[EventType "team"]

1. d4 c5 2. d5 g6 3. e4 Bg7 4. Nf3 d6 5. c4 e6 6. Nc3 exd5 7. cxd5 a6 8. a4 Bg4
9. Qb3 Bxf3 10. Qxb7 Nd7 11. gxf3 Ngf6 12. Qc6 O-O 13. Qxd6 Rb8 14. Qxa6 Nh5 15.
h4 f5 16. Bg5 Bf6 17. Bb5 Rb6 18. Qa7 Ne5 19. O-O-O Bxg5+ 20. hxg5 Rf7 21. Qa5
Qb8 22. d6 Ra7 23. Qxa7 Qxa7 24. d7 Nxd7 25. Rxd7 Qb8 26. Rhd1 Qf4+ 27. Kb1 Qxg5
28. a5 Rb8 29. a6 Nf6 30. Rd8+ Rxd8 31. Rxd8+ Kg7 32. a7 Nxe4 33. a8=Q Nxc3+ 34.
bxc3 Qg1+ 35. Kc2 Qxf2+ 36. Rd2 1-0

[Event "Online Olym Div2 C 2021"]
[Site "chess.com INT"]
[Date "2021.09.03"]
[Round "4.1"]
[Board "3"]
[White "Ilyuchyk, Yana"]
[Black "Shabanaj, Eglantina"]
[Result "1-0"]
[WhiteTitle "WFM"]
[BlackTitle "WCM"]
[WhiteElo "2170"]
[BlackElo "2014"]
[WhiteTeam "Belarus"]
[BlackTeam "Albania"]
[WhiteFideId "13508407"]
[BlackFideId "4700562"]
[EventDate "2021.09.02"]
[EventType "team"]

1. e4 g6 2. d4 Bg7 3. Nc3 d6 4. Be3 c6 5. Nf3 Nd7 6. Qd2 Qc7 7. Bd3 e5 8. dxe5
Nxe5 9. Nxe5 dxe5 10. a4 Be6 11. O-O Nf6 12. f4 O-O 13. f5 Bd7 14. Bh6 Rad8 15.
Qg5 Qb6+ 16. Kh1 Bc8 17. Ne2 c5 18. b3 Qc6 19. Ng3 Bxh6 20. Qxh6 Ng4 21. Qg5 Nf6
22. Rae1 Kg7 23. fxg6 fxg6 24. Rxf6 Rxf6 25. Nh5+ Kf7 26. Nxf6 Rxd3 27. cxd3
Qxf6 28. Qxf6+ Kxf6 29. Rc1 b6 30. b4 Bd7 31. bxc5 bxc5 32. a5 Bb5 33. Rxc5 Bxd3
34. a6 Kg5 35. Rxe5+ Kf4 36. Re7 Bxa6 37. Rxa7 Bd3 38. Rxh7 Kxe4 39. Kg1 g5 40.
Rf7 Bc4 41. Rf8 Bd5 42. Kf2 Ke5 43. Kg3 Ke6 44. Rf2 Ke5 45. Kg4 Ke4 46. Kxg5 Ke3
47. Rb2 Be4 48. h4 1-0

[Event "Online Olym Div2 C 2021"]
[Site "chess.com INT"]
[Date "2021.09.03"]
[Round "4.1"]
[Board "4"]
[White "Tuzi, Bruna"]
[Black "Norman, Kseniya"]
[Result "0-1"]
[WhiteTitle "WFM"]
[WhiteElo "1971"]
[BlackElo "1842"]
[WhiteTeam "Albania"]
[BlackTeam "Belarus"]
[WhiteFideId "4701100"]
[BlackFideId "13518780"]
[EventDate "2021.09.02"]
[EventType "team"]

1. e4 g6 2. d4 Bg7 3. Nf3 d6 4. Nc3 Nd7 5. Bc4 e6 6. O-O a6 7. a4 Ne7 8. Re1 O-O
9. Be3 b6 10. Qd2 Bb7 11. Bb3 d5 12. exd5 Nxd5 13. Nxd5 exd5 14. Bh6 Nf6 15.
Bxg7 Kxg7 16. c3 Qd6 17. Bc2 Ne4 18. Qd3 a5 19. Nd2 Rfe8 20. Nxe4 dxe4 21. Qe3
f5 22. g3 Ba6 23. Rad1 Rad8 24. h4 Qf6 25. d5 Bc4 26. Qd4 Bxd5 27. Qxf6+ Kxf6
28. Rd4 Bc6 29. Red1 Rxd4 30. Rxd4 e3 31. Kf1 exf2 32. Kxf2 Bb7 33. Rd7 Re7 34.
Rxe7 Kxe7 35. Ke3 Kf6 36. Kf4 h6 37. b4 g5+ 38. hxg5+ hxg5+ 39. Ke3 Ke5 40. Bd1
f4+ 41. gxf4+ gxf4+ 42. Kd3 Be4+ 43. Ke2 axb4 44. cxb4 Kd4 45. a5 Kc4 46. a6
Kxb4 47. Kf2 Ka5 48. a7 Ka6 49. Bc2 Bb7 50. Bb3 Kxa7 51. Ke2 Ka6 0-1

[Event "Online Olym Div2 C 2021"]
[Site "chess.com INT"]
[Date "2021.09.03"]
[Round "4.1"]
[Board "5"]
[White "Lazavik, Denis"]
[Black "Ramaj, Ergit"]
[Result "1-0"]
[WhiteTitle "IM"]
[WhiteElo "2440"]
[BlackElo "1610"]
[WhiteTeam "Belarus"]
[BlackTeam "Albania"]
[WhiteFideId "13515110"]
[BlackFideId "4703669"]
[EventDate "2021.09.02"]
[EventType "team"]

1. d4 f5 2. Nf3 Nf6 3. g3 g6 4. Bg2 Bg7 5. O-O O-O 6. b3 d6 7. Bb2 Na6 8. c4 c5
9. d5 Bd7 10. Nc3 Ne4 11. Qc1 Nxc3 12. Bxc3 b5 13. Bxg7 Kxg7 14. Qc3+ Kg8 15. e4
fxe4 16. Nd2 bxc4 17. bxc4 e3 18. Qxe3 Nb4 19. Qc3 Bf5 20. Be4 Qd7 21. Rfe1 Bxe4
22. Rxe4 Qf5 23. a3 Na6 24. Rf1 Rf7 25. Qa5 Qc8 26. Rfe1 Qf5 27. Rf4 Qc8 28.
Rxf7 Kxf7 29. Ne4 h6 30. Qd2 Kg7 31. Qc3+ Kf7 32. Qe3 Kg7 33. Nc3 Qf5 34. Qxe7+
Qf7 35. Qxd6 Rf8 36. Re7 1-0

[Event "Online Olym Div2 C 2021"]
[Site "chess.com INT"]
[Date "2021.09.03"]
[Round "4.1"]
[Board "6"]
[White "Shuqja, Klean"]
[Black "Poliakova, Varvara"]
[Result "1/2-1/2"]
[WhiteTitle "WCM"]
[WhiteElo "1877"]
[BlackElo "1944"]
[WhiteTeam "Albania"]
[BlackTeam "Belarus"]
[WhiteFideId "4701585"]
[BlackFideId "13518313"]
[EventDate "2021.09.02"]
[EventType "team"]

1. e4 e5 2. Nf3 Nc6 3. Bb5 a6 4. Ba4 Nf6 5. d3 d6 6. O-O b5 7. Bb3 Na5 8. Re1
Nxb3 9. axb3 Be7 10. Nc3 Bb7 11. Ne2 O-O 12. Ng3 Re8 13. h3 Bf8 14. Bg5 h6 15.
Bd2 g6 16. b4 Bg7 17. Qc1 Kh7 18. b3 d5 19. c4 dxe4 20. dxe4 Qe7 21. c5 Qe6 22.
Qc2 Ng8 23. Bc3 Ne7 24. Rad1 Rad8 25. Re2 Nc6 26. Red2 Rxd2 27. Rxd2 Rd8 28.
Rxd8 Nxd8 29. Qd1 Nc6 30. Qd5 Qxd5 31. exd5 Nd4 32. c6 Bc8 33. Nxd4 exd4 34. Bd2
Be5 35. Ne4 f5 36. Nc5 Kg7 37. f4 Bf6 38. Kf2 Kf7 39. Ke2 Ke7 40. Nb7 g5 41. Kd3
Ke8 42. Be1 gxf4 43. Bf2 Be7 44. Nc5 Bd6 45. Kxd4 f3 46. gxf3 f4 47. h4 h5 48.
Ke4 Ke7 49. Bd4 Bh3 50. Be5 Bf1 51. Nxa6 Be2 52. Bxf4 Bd1 53. Nxc7 Bxb4 54. Nxb5
Bc2+ 55. Ke3 Bxb3 56. d6+ Kd8 57. d7 Bc5+ 58. Kd3 Bd5 59. c7+ Kxd7 60. Be5 Bxf3
61. Nd6 Bxd6 62. Bxd6 Bg4 63. Bg3 Kc8 64. Ke3 1/2-1/2

[Event "Online Olym Div2 C 2021"]
[Site "chess.com INT"]
[Date "2021.09.03"]
[Round "4.2"]
[Board "1"]
[White "Potpara, Nikola"]
[Black "Hellers, Ferdinand"]
[Result "1-0"]
[BlackTitle "GM"]
[WhiteElo "2374"]
[BlackElo "2592"]
[WhiteTeam "Montenegro"]
[BlackTeam "Sweden"]
[WhiteFideId "910058"]
[BlackFideId "1700022"]
[EventDate "2021.09.02"]
[EventType "team"]

1. d4 f5 2. Nc3 Nf6 3. Bg5 g6 4. h4 Bg7 5. h5 Nxh5 6. Rxh5 gxh5 7. e4 O-O 8. Nd5
Nc6 9. Bc4 Kh8 10. Qxh5 d6 11. Ne2 fxe4 12. O-O-O Qe8 13. Qh4 Bf5 14. g4 Bg6 15.
Nxc7 Qd7 16. Nxa8 Na5 17. Bb3 Nxb3+ 18. axb3 Rxa8 19. Nf4 Kg8 20. Nxg6 hxg6 21.
Bxe7 Qe6 22. Bg5 Rf8 23. Rh1 Kf7 24. Qg3 Rh8 25. Re1 Rc8 26. Qf4+ Kg8 27. Qxe4
Qxb3 28. Qe6+ Qxe6 29. Rxe6 Kf7 30. Re7+ Kf8 31. Rxb7 Bxd4 32. f4 Re8 33. c3 Bb6
34. Kd2 Re4 35. Kd3 d5 36. Rd7 Re3+ 37. Kd2 Rg3 38. Rxd5 Rg2+ 39. Kd3 Rxb2 40.
Bf6 Kf7 41. Be5 Rg2 42. Rd7+ Ke6 43. Rd6+ Ke7 44. Rxg6 Kf7 45. Rg7+ Kf8 46. g5
a5 47. Rb7 Bc5 48. Kc4 Be7 49. Kd5 Kf7 50. Bf6 1-0

[Event "Online Olym Div2 C 2021"]
[Site "chess.com INT"]
[Date "2021.09.03"]
[Round "4.2"]
[Board "2"]
[White "Blomqvist, Erik"]
[Black "Sukovic, Andrej"]
[Result "1-0"]
[WhiteTitle "GM"]
[BlackTitle "FM"]
[WhiteElo "2536"]
[BlackElo "2311"]
[WhiteTeam "Sweden"]
[BlackTeam "Montenegro"]
[WhiteFideId "1709437"]
[BlackFideId "16502310"]
[EventDate "2021.09.02"]
[EventType "team"]

1. e4 c5 2. Nf3 d6 3. Bb5+ Nd7 4. a4 a6 5. Bc4 Ngf6 6. Nc3 e6 7. O-O Be7 8. d4
cxd4 9. Qxd4 Qc7 10. a5 b5 11. axb6 Nxb6 12. Bb3 O-O 13. Rd1 Bb7 14. Bg5 Rfd8
15. h3 Rac8 16. Qe3 Nc4 17. Bxc4 Qxc4 18. Ra4 Qc6 19. Rda1 d5 20. e5 d4 21. Rxd4
Rxd4 22. Qxd4 Bc5 23. Qa4 Qc7 24. exf6 Bxf3 25. Qh4 h6 26. Bf4 e5 27. Qg3 g5 28.
Bxe5 Bxf2+ 29. Qxf2 Qxe5 30. Qxf3 Rb8 31. Rxa6 Rxb2 32. Ra8+ Kh7 33. Qd3+ 1-0

[Event "Online Olym Div2 C 2021"]
[Site "chess.com INT"]
[Date "2021.09.03"]
[Round "4.2"]
[Board "3"]
[White "Koljevic, Nikolina"]
[Black "Cramling, Pia"]
[Result "0-1"]
[BlackTitle "GM"]
[WhiteElo "1950"]
[BlackElo "2455"]
[WhiteTeam "Montenegro"]
[BlackTeam "Sweden"]
[WhiteFideId "16503945"]
[BlackFideId "1700030"]
[EventDate "2021.09.02"]
[EventType "team"]

1. e4 c5 2. Nf3 e6 3. d4 cxd4 4. Nxd4 a6 5. Nc3 Qc7 6. Qg4 Nf6 7. Qg3 d6 8. Be3
b5 9. Bd3 Bb7 10. f3 Nbd7 11. O-O-O Ne5 12. Qf2 Be7 13. g4 O-O 14. h4 Nfd7 15.
g5 Nxd3+ 16. Rxd3 Ne5 17. Rdd1 Nc4 18. h5 Rac8 19. Rh2 d5 20. Rdh1 Bd6 21. Ndxb5
axb5 22. Nxb5 Bf4 23. Nxc7 Bxe3+ 24. Qxe3 Nxe3 25. Nb5 Rfd8 26. e5 Nf5 27. Rd1
d4 28. f4 Rd5 29. a4 Ba6 30. Na3 d3 31. Rdd2 Rd4 32. Nb5 Rxa4 33. Nc3 Ra1+ 34.
Nb1 Nd4 0-1

[Event "Online Olym Div2 C 2021"]
[Site "chess.com INT"]
[Date "2021.09.03"]
[Round "4.2"]
[Board "4"]
[White "Frisk, Ellinor"]
[Black "Radosevic, Nevena"]
[Result "1/2-1/2"]
[WhiteTitle "WIM"]
[WhiteElo "2176"]
[BlackElo "1693"]
[WhiteTeam "Sweden"]
[BlackTeam "Montenegro"]
[WhiteFideId "1708481"]
[BlackFideId "900435"]
[EventDate "2021.09.02"]
[EventType "team"]

1. Nf3 d5 2. c4 Nf6 3. cxd5 Nxd5 4. g3 g6 5. Bg2 Bg7 6. O-O O-O 7. Nc3 Nxc3 8.
bxc3 c5 9. Qc2 Qc7 10. d3 Nc6 11. Rb1 Rd8 12. Bf4 e5 13. Bg5 f6 14. Be3 Qe7 15.
Nd2 f5 16. Nb3 Bd7 17. Bxc5 Qf7 18. Rfd1 b6 19. Ba3 Rac8 20. Qd2 Be6 21. Qe3 Ne7
22. Bxe7 Qxe7 23. d4 e4 24. Qd2 Bd5 25. e3 Qe6 26. Bf1 Bf8 27. Rdc1 Rc7 28. c4
Bxc4 29. Bxc4 Rxc4 30. Rxc4 Qxc4 31. Rc1 Qf7 32. Qc2 Qd7 33. Nd2 Bd6 34. Nc4 Kf7
35. Qb3 Ke7 36. Nxd6 Qxd6 37. Qa4 Qd7 38. Qb4+ Kf7 39. Qc4+ Kf8 40. Qc7 Ke8 41.
Qe5+ Qe7 42. Qb5+ Qd7 43. Qe5+ Qe7 44. Qb5+ Qd7 45. Qe5+ 1/2-1/2

[Event "Online Olym Div2 C 2021"]
[Site "chess.com INT"]
[Date "2021.09.03"]
[Round "4.2"]
[Board "5"]
[White "Vujovic, Savo"]
[Black "Pantzar, Milton"]
[Result "0-1"]
[BlackTitle "IM"]
[WhiteElo "2151"]
[BlackElo "2423"]
[WhiteTeam "Montenegro"]
[BlackTeam "Sweden"]
[WhiteFideId "16504020"]
[BlackFideId "1721003"]
[EventDate "2021.09.02"]
[EventType "team"]

1. d4 d5 2. Bg5 c6 3. e3 Qb6 4. Qc1 h6 5. Bh4 e5 6. Nf3 e4 7. Nfd2 Ne7 8. c4 Nf5
9. Bg3 Nxg3 10. hxg3 Be6 11. Nc3 Be7 12. Be2 O-O 13. Qc2 Nd7 14. c5 Qc7 15. O-O
f5 16. b4 g5 17. b5 Rf7 18. a4 f4 19. exf4 gxf4 20. f3 Bf6 21. Nb3 exf3 22. Rxf3
Rg7 23. gxf4 Bg4 24. Rff1 Bh3 25. Bf3 Rf8 26. Kh1 Be6 27. Rae1 Bf7 28. Qd2 Bg6
29. Bd1 Bh4 30. Re6 Nf6 31. bxc6 bxc6 32. f5 Bf7 33. Re2 Nh5 34. Rf3 Ng3+ 35.
Rxg3 Qxg3 36. Re3 Qg5 37. Rh3 Qxd2 38. Nxd2 Be1 39. Nb3 Be8 40. g4 h5 41. gxh5
Rxf5 42. Re3 Rf1+ 43. Kh2 Bd7 44. Bf3 Bg3+ 45. Kg2 Rf2+ 46. Kg1 Bh3 47. h6 Rf1# 0-1

[Event "Online Olym Div2 C 2021"]
[Site "chess.com INT"]
[Date "2021.09.03"]
[Round "4.2"]
[Board "6"]
[White "Zaritovskaja, Margarita"]
[Black "Mosurovic, Milena"]
[Result "1-0"]
[WhiteElo "2040"]
[BlackElo "1491"]
[WhiteTeam "Sweden"]
[BlackTeam "Montenegro"]
[WhiteFideId "14149249"]
[BlackFideId "16505514"]
[EventDate "2021.09.02"]
[EventType "team"]

1. e4 d5 2. exd5 Qxd5 3. Nc3 Qd8 4. d4 Nf6 5. Nf3 Bg4 6. Be3 e6 7. h3 Bxf3 8.
Qxf3 c6 9. O-O-O Bb4 10. Bg5 Nbd7 11. Ne4 Be7 12. Nxf6+ Nxf6 13. Kb1 O-O 14. Bd3
Qb6 15. h4 Rfe8 16. Bxf6 Bxf6 17. Qe4 h6 18. c3 Rad8 19. g4 e5 20. Rhe1 exd4 21.
Qxe8+ Rxe8 22. Rxe8# 1-0

[Event "Online Olym Div2 C 2021"]
[Site "chess.com INT"]
[Date "2021.09.03"]
[Round "4.3"]
[Board "1"]
[White "Aagaard, Jacob"]
[Black "Nabaty, Tamir"]
[Result "0-1"]
[WhiteTitle "GM"]
[BlackTitle "GM"]
[WhiteElo "2477"]
[BlackElo "2638"]
[WhiteTeam "Scotland"]
[BlackTeam "Israel"]
[WhiteFideId "1401815"]
[BlackFideId "2809052"]
[EventDate "2021.09.02"]
[EventType "team"]

1. e4 e5 2. Nf3 Nc6 3. Bb5 Nf6 4. O-O Bc5 5. c3 O-O 6. d4 Bb6 7. Qd3 d6 8. a4 a5
9. Bg5 h6 10. Bxf6 Qxf6 11. Bxc6 bxc6 12. dxe5 dxe5 13. Nbd2 Ba6 14. Nc4 Rad8
15. Qe2 Qe6 16. b3 f5 17. exf5 Rxf5 18. Rae1 Bxc4 19. bxc4 Rf4 20. Nd2 e4 21. g3
e3 22. fxe3 Rxf1+ 23. Nxf1 Qe4 24. Rd1 Rxd1 25. Qxd1 Bxe3+ 26. Nxe3 Qxe3+ 27.
Kg2 Qe4+ 28. Kh3 Qe6+ 29. Qg4 Kf7 30. Qxe6+ Kxe6 31. Kg4 Kd6 32. Kf5 Kc5 33. Kg6
Kxc4 34. Kxg7 Kxc3 35. g4 c5 36. Kxh6 c4 37. g5 Kb4 38. g6 c3 39. g7 c2 40. g8=Q
c1=Q+ 41. Qg5 Qxg5+ 42. Kxg5 c5 43. Kf4 c4 44. Ke3 c3 45. h4 Kb3 46. h5 c2 0-1

[Event "Online Olym Div2 C 2021"]
[Site "chess.com INT"]
[Date "2021.09.03"]
[Round "4.3"]
[Board "2"]
[White "Smirin, Ilia"]
[Black "Greet, Andrew N"]
[Result "1-0"]
[WhiteTitle "GM"]
[BlackTitle "IM"]
[WhiteElo "2616"]
[BlackElo "2401"]
[WhiteTeam "Israel"]
[BlackTeam "Scotland"]
[WhiteFideId "2801990"]
[BlackFideId "405817"]
[EventDate "2021.09.02"]
[EventType "team"]

1. e4 e6 2. d4 d5 3. Nd2 c5 4. Ngf3 cxd4 5. Nxd4 Nc6 6. Bb5 Bd7 7. Nxc6 bxc6 8.
Bd3 Bd6 9. Qe2 Ne7 10. e5 Bc7 11. Nf3 c5 12. c4 Ba5+ 13. Kf1 Bc6 14. h4 dxc4 15.
Bxc4 Nf5 16. Bg5 Qd7 17. Rd1 Qb7 18. Rh3 Nd4 19. Nxd4 Bxg2+ 20. Kg1 Bxh3 21.
Bb5+ Kf8 22. Bc6 Qc8 23. Qf3 cxd4 24. Bxa8 h6 25. Rc1 Qb8 26. Bb7 hxg5 27. Rc8+
Qxc8 28. Bxc8 Rxh4 29. Qa3+ Kg8 30. Qxa5 Bf5 31. f3 d3 32. Qd8+ Kh7 33. Qxg5 Rd4
34. Qd2 Rc4 35. Ba6 Rc2 36. Qe3 d2 37. Be2 Rxb2 38. Qxa7 Rb1+ 39. Kf2 d1=Q 40.
Bxd1 Rxd1 41. a4 Ra1 42. Qxf7 Kh6 43. Qd7 Ra2+ 44. Kg3 Ra3 45. a5 Kh7 46. Qd8
Ra1 47. Qb6 Re1 48. a6 Ra1 49. a7 Ra3 50. Qb7 1-0

[Event "Online Olym Div2 C 2021"]
[Site "chess.com INT"]
[Date "2021.09.03"]
[Round "4.3"]
[Board "3"]
[White "Arakhamia-Grant, Ketevan"]
[Black "Shvayger, Yuliya"]
[Result "1-0"]
[WhiteTitle "GM"]
[BlackTitle "IM"]
[WhiteElo "2380"]
[BlackElo "2351"]
[WhiteTeam "Scotland"]
[BlackTeam "Israel"]
[WhiteFideId "13600168"]
[BlackFideId "14100126"]
[EventDate "2021.09.02"]
[EventType "team"]

1. e4 c5 2. Nc3 Nc6 3. g3 g6 4. Bg2 Bg7 5. d3 d6 6. Be3 e6 7. Qd2 Rb8 8. Nf3 b5
9. e5 Nxe5 10. Nxe5 Bxe5 11. d4 cxd4 12. Bxd4 Bb7 13. Bxb7 Rxb7 14. O-O-O Bxd4
15. Qxd4 Nf6 16. Ne4 Nxe4 17. Qxh8+ Ke7 18. Qd4 d5 19. Rhe1 Qb6 20. f3 Qxd4 21.
Rxd4 Nf6 22. Re3 Kd6 23. Ra3 Ke5 24. Rdd3 Ne8 25. Rac3 Kd6 26. Rc8 Nc7 27. g4 f5
28. gxf5 exf5 29. Rd8+ Ke7 30. Rh8 h5 31. Rh7+ Kd8 32. Rxd5+ Nxd5 33. Rxb7 a6
34. Rg7 Ne7 35. Kd2 Kd7 36. Kc3 Ke6 37. Kb4 Kf6 38. Rh7 f4 39. Ka5 Nc6+ 40. Kxa6
Nd4 41. Rd7 Nxf3 42. Kxb5 Nxh2 43. a4 f3 44. Rd2 Ng4 45. a5 f2 46. Rxf2+ Nxf2
47. a6 h4 48. a7 h3 49. a8=Q h2 50. Qh8+ 1-0

[Event "Online Olym Div2 C 2021"]
[Site "chess.com INT"]
[Date "2021.09.03"]
[Round "4.3"]
[Board "4"]
[White "Lahav, Michal"]
[Black "Roy, Ali"]
[Result "1-0"]
[WhiteTitle "WIM"]
[WhiteElo "2127"]
[BlackElo "1878"]
[WhiteTeam "Israel"]
[BlackTeam "Scotland"]
[WhiteFideId "2813742"]
[BlackFideId "2400456"]
[EventDate "2021.09.02"]
[EventType "team"]

1. e4 e6 2. d4 d5 3. Bd3 dxe4 4. Bxe4 Nf6 5. Bf3 Be7 6. Ne2 O-O 7. O-O Nbd7 8.
Bf4 Nd5 9. Bg3 Bh4 10. Nd2 Bxg3 11. hxg3 N7f6 12. c4 Ne7 13. Ne4 Nxe4 14. Bxe4
c6 15. Qc2 Ng6 16. Rad1 Qe7 17. Rfe1 f5 18. Bd3 e5 19. dxe5 Nxe5 20. Nd4 Qf6 21.
c5 Nxd3 22. Rxd3 f4 23. Qb3+ Kh8 24. gxf4 Bf5 25. Nxf5 Qxf5 26. g3 Qxc5 27. Rd7
Rad8 28. Rxb7 Rd2 29. Qe3 Qd5 30. Qc3 Qd4 31. Qxd4 Rxd4 32. Rxa7 Rd2 33. b3 h6
34. Ree7 Rfd8 35. Rxg7 Re8 36. Rgc7 Kg8 37. Rxc6 h5 38. f5 1-0

[Event "Online Olym Div2 C 2021"]
[Site "chess.com INT"]
[Date "2021.09.03"]
[Round "4.3"]
[Board "5"]
[White "Sanger, Jake M"]
[Black "Bronstein, Or"]
[Result "0-1"]
[BlackTitle "IM"]
[WhiteElo "1936"]
[BlackElo "2484"]
[WhiteTeam "Scotland"]
[BlackTeam "Israel"]
[WhiteFideId "2406136"]
[BlackFideId "2815770"]
[EventDate "2021.09.02"]
[EventType "team"]

1. d4 d5 2. c4 e6 3. Nc3 c6 4. e3 Bd6 5. Nf3 f5 6. Bd2 Nf6 7. Bd3 O-O 8. O-O Ne4
9. Ne2 Nd7 10. a3 Qe7 11. Qe1 b6 12. cxd5 exd5 13. Bb4 c5 14. dxc5 bxc5 15. Bc3
Bb7 16. Rd1 Ndf6 17. Bb1 Kh8 18. Ba2 Rae8 19. Nh4 Ng4 20. Nf3 d4 21. Nexd4 cxd4
22. Bxd4 Ng5 23. Bxg7+ Qxg7 24. Qc3 Nxf3+ 25. gxf3 Ne5+ 26. Kh1 Bxf3# 0-1